|
|
|
|
| LEADER |
01281nam a2200337 a 4500 |
| 001 |
000561144 |
| 003 |
CZ BrMZK |
| 005 |
20070618102242.0 |
| 007 |
ta |
| 008 |
000115s2000 xr e p cze d |
| 015 |
|
|
|a cnb000998703
|
| 020 |
|
|
|a 80-214-1625-4
|
| 035 |
|
|
|a (OCoLC)47952365
|
| 040 |
|
|
|a BOA001
|b cze
|
| 072 |
|
7 |
|a 33
|x Ekonomie
|2 Konspekt
|9 4
|
| 072 |
|
7 |
|a 37.016
|x Učební osnovy. Vyučovací předměty. Učebnice
|2 Konspekt
|9 22
|
| 080 |
|
|
|a 330.101.542
|2 MRF
|
| 080 |
|
|
|a (075.8)
|2 MRF
|
| 100 |
1 |
|
|a Pavelková, Drahomíra,
|d 1963-
|7 xx0004599
|
| 245 |
1 |
0 |
|a Mikroekonomie :
|b cvičebnice /
|c Drahomíra Pavelková, Zuzana Dohnalová
|
| 250 |
|
|
|a Vyd. 2. upr.
|
| 260 |
|
|
|a Brno :
|b Vysoké učení technické v Brně, Fakulta managementu a ekonomiky ve Zlíně,
|c 2000
|
| 300 |
|
|
|a 76 s. :
|b il. ;
|c 29 cm
|
| 500 |
|
|
|a Bibliogr.
|
| 650 |
0 |
7 |
|a mikroekonomie
|7 ph115305
|x úlohy
|2 czenas
|
| 655 |
|
7 |
|a učebnice vysokých škol
|7 fd133772
|2 czenas
|
| 700 |
1 |
|
|a Dohnalová, Zuzana,
|d 1966-
|7 mzk2003169996
|
| 710 |
2 |
|
|a Vysoké učení technické v Brně.
|b Fakulta managementu a ekonomiky ve Zlíně
|7 kn20010709419
|
| 910 |
|
|
|a BOA001
|b 4-1085.094
|
| 990 |
|
|
|a BK
|
| 996 |
6 |
|
|b 2610134437
|c 4-1085.094
|l MZK
|r Sklad / do 1 hodiny
|n 3
|p p.v.
|w 000561144
|u 000010
|a 1
|e BOA001
|j MZK50
|s P
|